000 00373nam a22001337a 4500
020 _a978-93-86173-55-3
040 _cKhana Book Publishing Co. Ltd
082 _a660.287
_bG9775 E
100 _aGupta. O.P.
_940512
245 _aElements of Chemical Process Technology
260 _bKhanna Book Publishing Co Ltd
_c2025
300 _aviii, 1029p.
_c7cm.
942 _2ddc
_cREF
999 _c617348
_d617348